Normal view
MARC view
Entry Topical Term
001 - CONTROL NUMBER
- control field: 45530
003 - CONTROL NUMBER IDENTIFIER
- control field: ARRUPE
005 - DATE AND TIME OF LATEST TRANSACTION
- control field: 20190329090511.0
008 - FIXED-LENGTH DATA ELEMENTS
- fixed length control field: 190329|| aca||aabn | a|a d
040 ## - CATALOGING SOURCE
- Original cataloging agency: ARRUPE
- Transcribing agency: ARRUPE
150 ## - HEADING--TOPICAL TERM
- Topical term or geographic name as entry element: Holocaust, Jewish (1939-1945)
- General subdivision: historiography
670 ## - SOURCE DATA FOUND
- Source citation: Work cat.: (ARRUPE): LaCapra, Dominick 45529, Writing history,writing trauma, 2001